| 000 | 01212nam2a2200229 4500 | ||
|---|---|---|---|
| 001 | rc\2877420 | ||
| 005 | 20260315052117.0 | ||
| 035 | _a(NLR Aleph) 007030461 | ||
| 090 |
_a13584436 _c13584436 |
||
| 100 | _a20110718d1932 u y0rusy50 ca | ||
| 101 | 0 | _arus | |
| 102 | _aRU | ||
| 105 | _aab z ||||| | ||
| 200 | 1 | _aЭнергоресурсы | |
| 210 | _d1932 | ||
| 215 |
_aОбл., XII, 480 с., включ. тит. л. _cдиагр., карт. _e1 отд. вкл. л. карт. |
||
| 461 | 0 |
_1001rc\2877419 _12001#$aГенеральный план электрификации СССР$eМатериалы к Всес. конф-ции. Т. I-$fПод ред. Г.И. Ломова$gГосплан СССР. Организационный ком-т по составлению генерального плана электрификации СССР$vТ. 1 _95998009 _cМосква _d1932 _fПод ред. Г.И. Ломова _nГос. соц.-экон. изд. _oМатериалы к Всес. конф-ции. Т. I- _tГенеральный план электрификации СССР _vТ. 1 |
|
| 801 | 0 |
_aRU _bNLR _gpsbo |
|
| 801 | 1 |
_aRU _bELAR _2rusmarc |
|
| 852 |
_aNLR _j32-17/362(1) |
||
| 942 | _cUNSPEC | ||
| 980 | _aNB | ||